000 00531 am a2200205 4500
001 30837
010 _a9724203298
005 20220405165455.0
090 _a30837
100 _a20100106d1991 a 0pory5003 ba
101 _aPor
102 _aPT
105 _aa z 000yy
930 _lBECRE
675 _a087.5
_vBNL
700 1 _aButterwork
_bChristine
200 1 _aEm Movimento
_fChristine Butterwort, Kay Davies, Wendy Hobson, Ruth Merttens
210 _aBarcelona
_cCĂ­rculo de Leitores
_d1991
215 _a78 p.
_d29 cm
990 _cLIVROS